[Event "Oberliga Ost-A 1920"]
[Site "Germany"]
[Date "2020.03.01"]
[Round "9.5"]
[White "Hoerr, Christian"]
[Black "Stolz, Mike"]
[Result "0-1"]
[WhiteElo "1910"]
[BlackElo "2320"]
[PlyCount "62"]
[EventDate "2019.09.29"]
[EventType "team-tourn"]
[EventRounds "11"]
[EventCountry "GER"]
[SourceTitle "EXT 2023"]
[Source "ChessBase"]
[SourceDate "2022.10.05"]
[SourceVersion "1"]
[SourceVersionDate "2022.10.05"]
[SourceQuality "1"]
[WhiteTeam "Plauen Koenig II"]
[BlackTeam "Magdeburg Rochade"]
[WhiteTeamCountry "GER"]
[BlackTeamCountry "GER"]

1. d4 Nf6 2. Nf3 g6 3. e3 Bg7 4. c4 0-0 5. Nc3 d6 6. Be2 c6 7. 0-0 a6 8. a4 a5 9. e4 Na6 10. Bg5 e5 11. d5 h6 12. Bxf6 Bxf6 13. Ne1 h5 14. Nd3 c5 15. Kh1 Kg7 16. f4 exf4 17. Nxf4 Be5 18. Qd2 Rh8 19. Nd3 Qe7 20. Nxe5 Qxe5 21. Rf2 Bd7 22. Raf1 Rhf8 23. Qf4 Qxf4 24. Rxf4 f6 25. Kg1 Nb4 26. R4f2 Rae8 27. Rd1 Nc2 28. Bd3 Ne3 29. Re1 Ng4 30. Rf3 Ne5 31. Rfe3 f5 0-1

[Event "Oberliga Ost-A 1819"]
[Site "Germany"]
[Date "2018.11.11"]
[Round "3.6"]
[White "Stolz, Mike"]
[Black "Hutsch, Oliver"]
[Result "1-0"]
[WhiteElo "2305"]
[BlackElo "2135"]
[PlyCount "73"]
[EventDate "2018.10.21"]
[EventType "team-tourn"]
[EventRounds "11"]
[EventCountry "GER"]
[SourceTitle "EXT 2020"]
[Source "ChessBase"]
[SourceDate "2019.10.17"]
[SourceVersion "1"]
[SourceVersionDate "2019.10.17"]
[SourceQuality "1"]
[WhiteTeam "Magdeburg Rochade"]
[BlackTeam "Dresden Gruen Weiss"]
[WhiteTeamCountry "GER"]
[BlackTeamCountry "GER"]

1. Nf3 Nf6 2. g3 d5 3. Bg2 g6 4. 0-0 Bg7 5. d3 0-0 6. Nbd2 Nbd7 7. e4 dxe4 8. dxe4 c6 9. e5 Nd5 10. e6 fxe6 11. Qe2 e5 12. Nc4 e4 13. Qxe4 Nc5 14. Qe2 b5 15. Nce5 Qc7 16. Rd1 Rf5 17. Nd3 Nxd3 18. Qxd3 Rh5 19. c4 Bf5 20. Qb3 bxc4 21. Qxc4 e6 22. h3 Nb6 23. Qe2 Rxh3 24. Bxh3 Bxh3 25. Ng5 Bf5 26. g4 h6 27. Nh3 e5 28. gxf5 gxf5 29. Qh5 f4 30. b3 Rf8 31. Bb2 Qe7 32. Kh1 Qe6 33. Rg1 Rf7 34. Rg6 Qd5+ 35. Kh2 Nd7 36. Rag1 Kh7 37. Ng5+ 1-0

[Event "Oberliga Ost-A 1819"]
[Site "Germany"]
[Date "2018.11.10"]
[Round "2.6"]
[White "Richter, Philipp2"]
[Black "Stolz, Mike"]
[Result "1-0"]
[WhiteElo "2015"]
[BlackElo "2305"]
[PlyCount "77"]
[EventDate "2018.10.21"]
[EventType "team-tourn"]
[EventRounds "11"]
[EventCountry "GER"]
[SourceTitle "EXT 2020"]
[Source "ChessBase"]
[SourceDate "2019.10.17"]
[SourceVersion "1"]
[SourceVersionDate "2019.10.17"]
[SourceQuality "1"]
[WhiteTeam "Dresden USV TU II"]
[BlackTeam "Magdeburg Rochade"]
[WhiteTeamCountry "GER"]
[BlackTeamCountry "GER"]

1. d4 Nf6 2. c4 g6 3. Nc3 Bg7 4. e4 d6 5. Be2 0-0 6. Bg5 Nbd7 7. Qd2 e5 8. d5 a5 9. h4 Nc5 10. f3 h5 11. 0-0-0 Qe8 12. Nh3 Nh7 13. Be3 Qe7 14. g4 f6 15. gxh5 gxh5 16. Rdg1 Kh8 17. f4 f5 18. fxe5 dxe5 19. Rxg7 Kxg7 20. Bh6+ Kh8 21. Bxf8 Qxf8 22. Bxh5 Ra6 23. Ng5 Rf6 24. Bf3 fxe4 25. Bxe4 Nxe4 26. Ngxe4 Rf1+ 27. Rxf1 Qxf1+ 28. Kc2 Bf5 29. Kb3 Qh3 30. Qe1 Qd3 31. Ng3 Bd7 32. Qxe5+ Kg8 33. Qxc7 Nf6 34. Nh5 Nxh5 35. Qd8+ Kf7 36. Qxd7+ Kg6 37. Qe8+ Kh6 38. Qe6+ Kh7 39. Qe4+ 1-0

[Event "Sachsen-Anhalt Verbandsliga 2017/18"]
[Site "Sachsen Anhalt"]
[Date "2018.03.18"]
[Round "7.3"]
[White "Rafayevych, Vilen"]
[Black "Stolz, Mike"]
[Result "1-0"]
[WhiteElo "2083"]
[BlackElo "2305"]
[PlyCount "77"]
[EventDate "2017.12.22"]
[EventType "team-tourn"]
[EventRounds "9"]
[EventCountry "GER"]
[SourceTitle "EXT 2020"]
[Source "ChessBase"]
[SourceDate "2019.10.17"]
[SourceVersion "1"]
[SourceVersionDate "2019.10.17"]
[SourceQuality "1"]
[WhiteTeam "Magdeburg Aufbau Elbe II"]
[BlackTeam "Magdeburg Rochade"]
[WhiteTeamCountry "GER"]
[BlackTeamCountry "GER"]

1. d4 f5 2. e4 fxe4 3. Nc3 Nf6 4. Bg5 e6 5. f3 e3 6. Bxe3 Be7 7. Bd3 0-0 8. Nh3 d5 9. Nf2 c5 10. dxc5 e5 11. Ne2 Na6 12. Bxa6 bxa6 13. Nd3 Qc7 14. 0-0 a5 15. Qe1 Ba6 16. Rc1 Nd7 17. Nc3 Qc6 18. Bf2 Bf6 19. a4 Rae8 20. b4 Bc4 21. b5 Qc8 22. c6 Nb6 23. Ne2 e4 24. fxe4 dxe4 25. Ndf4 e3 26. Bg3 Re4 27. Nh5 Bb2 28. Rxf8+ Qxf8 29. Rd1 Nd5 30. c3 Qc5 31. Nhf4 Nf6 32. Rd8+ Kf7 33. Nd3 Bxd3 34. Rxd3 Rxa4 35. c7 Qf5 36. Rd8 Rc4 37. Nd4 Qd3 38. Nc6 Qxc3 39. c8Q 1-0

[Event "Berlin Spandau op"]
[Site "Berlin"]
[Date "2017.12.28"]
[Round "3"]
[White "Stolz, Mike"]
[Black "Johansson, Toni"]
[Result "1-0"]
[WhiteElo "2293"]
[BlackElo "2059"]
[PlyCount "86"]
[EventDate "2017.12.27"]
[EventType "swiss"]
[EventRounds "7"]
[EventCountry "GER"]
[SourceTitle "CBM 182 Extra"]
[Source "ChessBase"]
[SourceDate "2018.02.23"]
[SourceVersion "1"]
[SourceVersionDate "2018.02.23"]
[SourceQuality "1"]

1. e4 c5 2. c3 Qc7 3. d4 d6 4. Nf3 g6 5. h3 Bg7 6. Bf4 Nd7 7. Bd3 Ngf6 8. 0-0 0-0 9. Re1 e5 10. dxe5 dxe5 11. Be3 Nh5 12. a4 b6 13. a5 Bb7 14. Na3 Ndf6 15. Qb1 Rfd8 16. Nd2 Nf4 17. Bf1 Qe7 18. g3 Ne6 19. Qc2 Rac8 20. Qa4 h6 21. Qc2 Ng5 22. Bxg5 hxg5 23. axb6 axb6 24. g4 Bf8 25. Ndc4 Qe6 26. Nb5 Ne8 27. Ne3 c4 28. Ra4 Bc6 29. Bxc4 Qf6 30. Ra7 Bxb5 31. Rxf7 Qd6 32. Rd7+ Bxc4 33. Rxd6 Nxd6 34. Rd1 Bf7 35. Nd5 b5 36. Qe2 Rc4 37. Qe3 Bxd5 38. Qxg5 Bf7 39. Qxd8 Nxe4 40. Qb8 Ng5 41. Qxb5 Bc5 42. Kg2 e4 43. Rd8+ Be8 1-0

[Event "Berlin Spandau op"]
[Site "Berlin"]
[Date "2017.12.27"]
[Round "2"]
[White "Noack, Thomas"]
[Black "Stolz, Mike"]
[Result "1/2-1/2"]
[WhiteElo "2002"]
[BlackElo "2293"]
[PlyCount "58"]
[EventDate "2017.12.27"]
[EventType "swiss"]
[EventRounds "7"]
[EventCountry "GER"]
[SourceTitle "CBM 182 Extra"]
[Source "ChessBase"]
[SourceDate "2018.02.23"]
[SourceVersion "1"]
[SourceVersionDate "2018.02.23"]
[SourceQuality "1"]

1. e4 c5 2. Nc3 Nc6 3. f4 d6 4. Nf3 Nf6 5. Bc4 e6 6. Qe2 Be7 7. d3 0-0 8. 0-0 Na5 9. a3 Nxc4 10. dxc4 Bd7 11. b3 Bc6 12. Bb2 Qb8 13. Rad1 Rd8 14. Ne1 Nd7 15. Qg4 Bf6 16. Rf3 Bd4+ 17. Kh1 Nf6 18. Qh4 Nxe4 19. Nxe4 Bxe4 20. Bxd4 cxd4 21. Rg3 Bg6 22. Rxd4 e5 23. Rd2 d5 24. cxd5 exf4 25. Rf3 Qe5 26. Rf1 Rxd5 27. Rxd5 Qxd5 28. Qxf4 Re8 29. h3 h6 1/2-1/2

[Event "Sachsen-Anhalt Verbandsliga 2017/18"]
[Site "Sachsen Anhalt"]
[Date "2017.12.10"]
[Round "3.3"]
[White "Henning, Marvin"]
[Black "Stolz, Mike"]
[Result "0-1"]
[WhiteElo "2004"]
[BlackElo "2293"]
[PlyCount "98"]
[EventDate "2017.12.22"]
[EventType "team-tourn"]
[EventRounds "9"]
[EventCountry "GER"]
[SourceTitle "EXT 2020"]
[Source "ChessBase"]
[SourceDate "2019.10.17"]
[SourceVersion "1"]
[SourceVersionDate "2019.10.17"]
[SourceQuality "1"]
[WhiteTeam "Reideburg 90 Halle"]
[BlackTeam "Magdeburg Rochade"]
[WhiteTeamCountry "GER"]
[BlackTeamCountry "GER"]

1. e4 e6 2. d4 d5 3. exd5 exd5 4. Bd3 c5 5. Bb5+ Nc6 6. Nf3 Bd6 7. 0-0 Nge7 8. dxc5 Bxc5 9. Bf4 Bg4 10. h3 Bh5 11. Nbd2 Qd7 12. Bh2 a6 13. g4 axb5 14. gxh5 Qxh3 15. Nb3 Bb6 16. Ne5 Ra4 17. Qf3 Rh4 18. Qxh3 Rxh3 19. Nxc6 bxc6 20. Rfe1 Bxf2+ 21. Kxf2 Rxh2+ 22. Kg1 Rxh5 23. a4 Rg5+ 24. Kh1 b4 25. a5 f6 26. a6 Kf7 27. Nc5 Ra8 28. Nd7 Ra7 29. Nb6 Re5 30. Red1 Ke8 31. Ra4 Re6 32. Ra5 c5 33. Nxd5 Nxd5 34. Rxd5 Raxa6 35. Raxc5 Ra2 36. Rc8+ Kf7 37. Rd7+ Re7 38. Rxe7+ Kxe7 39. b3 Ra7 40. Kg2 h5 41. Kf3 Kd7 42. Rc4 Rb7 43. Kf4 Rb5 44. Rd4+ Ke6 45. Rc4 g5+ 46. Ke4 h4 47. Rc8 g4 48. Rh8 g3 49. Kf3 Rf5+ 0-1

[Event "Oberliga Ost-A 1516"]
[Site "Germany"]
[Date "2016.02.21"]
[Round "8.1"]
[White "Schubert, Thomas"]
[Black "Stolz, Mike"]
[Result "1-0"]
[WhiteElo "2345"]
[BlackElo "2335"]
[PlyCount "67"]
[EventDate "2015.09.20"]
[EventType "team-tourn"]
[EventRounds "11"]
[EventCountry "GER"]
[SourceTitle "EXT 2017"]
[Source "ChessBase"]
[SourceDate "2016.10.25"]
[SourceVersion "1"]
[SourceVersionDate "2016.10.25"]
[SourceQuality "1"]
[WhiteTeam "Leipzig SG II"]
[BlackTeam "Magdeburg Rochade"]
[WhiteTeamCountry "GER"]
[BlackTeamCountry "GER"]

1. d4 f5 2. c4 Nf6 3. Nc3 g6 4. g3 Bg7 5. Bg2 0-0 6. Nh3 d6 7. d5 Na6 8. Nf4 e5 9. dxe6 c6 10. h4 Nc7 11. h5 g5 12. h6 Bh8 13. Nh3 g4 14. Nf4 Nxe6 15. Be3 Qe7 16. Qc2 Nxf4 17. Bxf4 Be6 18. 0-0-0 Rad8 19. Kb1 d5 20. cxd5 Nxd5 21. Nxd5 cxd5 22. Qd2 Bf6 23. Rc1 Rd7 24. Qa5 b6 25. Qb5 Qf7 26. Rc6 Rfd8 27. Rhc1 d4 28. Rxe6 Qxe6 29. Rc6 Qe7 30. Qxf5 d3 31. Rxf6 dxe2 32. Qg5+ Qg7 33. Bd5+ Kh8 34. hxg7+ 1-0

[Event "Kiel op 28th"]
[Site "Kiel"]
[Date "2015.07.26"]
[Round "4"]
[White "Stolz, Mike"]
[Black "Krause, Jonah"]
[Result "1/2-1/2"]
[WhiteElo "2335"]
[BlackElo "2259"]
[PlyCount "52"]
[EventDate "2015.07.25"]
[EventType "swiss"]
[EventRounds "9"]
[EventCountry "GER"]
[SourceTitle "CBM 167 Extra"]
[Source "ChessBase"]
[SourceDate "2015.09.14"]
[SourceVersion "1"]
[SourceVersionDate "2015.09.14"]
[SourceQuality "1"]

1. e4 c6 2. d4 d5 3. exd5 cxd5 4. c4 Nf6 5. Nc3 Nc6 6. Nf3 Bg4 7. cxd5 Nxd5 8. Qb3 Bxf3 9. gxf3 e6 10. Qxb7 Nxd4 11. Bb5+ Nxb5 12. Qc6+ Ke7 13. Qxb5 Qd7 14. Nxd5+ Qxd5 15. Bg5+ f6 16. Qxd5 exd5 17. Be3 Ke6 18. 0-0 Bb4 19. Rfc1 Rhd8 20. Bd4 Rd7 21. Rc6+ Kf5 22. Rd1 Bd6 23. Ra6 Be5 24. Ra5 Ke6 25. Ra6+ Kf5 26. Ra5 Ke6 1/2-1/2

[Event "Kiel op 28th"]
[Site "Kiel"]
[Date "2015.07.25"]
[Round "1"]
[White "Lehr, Thomas"]
[Black "Stolz, Mike"]
[Result "0-1"]
[WhiteElo "1939"]
[BlackElo "2335"]
[PlyCount "56"]
[EventDate "2015.07.25"]
[EventType "swiss"]
[EventRounds "9"]
[EventCountry "GER"]
[SourceTitle "CBM 167 Extra"]
[Source "ChessBase"]
[SourceDate "2015.09.14"]
[SourceVersion "1"]
[SourceVersionDate "2015.09.14"]
[SourceQuality "1"]

1. e4 c5 2. b3 Nc6 3. Bb2 d6 4. Bb5 Bd7 5. Nc3 Nf6 6. Nge2 e6 7. 0-0 Be7 8. d3 0-0 9. Qd2 a6 10. Bxc6 Bxc6 11. f4 d5 12. e5 Nd7 13. Ng3 f5 14. exf6 Bxf6 15. Rae1 Bd4+ 16. Kh1 e5 17. Nd1 Bxb2 18. Nxb2 exf4 19. Rxf4 Rxf4 20. Qxf4 Qf6 21. Qxf6 Nxf6 22. d4 b6 23. Re6 Bd7 24. Rxb6 cxd4 25. Nd3 Rc8 26. Ne1 d3 27. Nxd3 Rxc2 28. Nf1 Bb5 0-1

[Event "Oberliga Ost-A 1415"]
[Site "Germany"]
[Date "2015.01.17"]
[Round "6.5"]
[White "Stolz, Mike"]
[Black "Pallas, Sebastian"]
[Result "1/2-1/2"]
[WhiteElo "2347"]
[BlackElo "2026"]
[PlyCount "79"]
[EventDate "2014.09.21"]
[EventType "team-tourn"]
[EventRounds "11"]
[EventCountry "GER"]
[SourceTitle "EXT 2016"]
[Source "ChessBase"]
[SourceDate "2015.10.08"]
[SourceVersion "1"]
[SourceVersionDate "2015.10.08"]
[SourceQuality "1"]
[WhiteTeam "Magdeburg Rochade"]
[BlackTeam "Loeberitz"]
[WhiteTeamCountry "GER"]
[BlackTeamCountry "GER"]

1. e4 c5 2. c3 Nf6 3. e5 Nd5 4. g3 e6 5. Bg2 d6 6. exd6 Bxd6 7. Nf3 0-0 8. 0-0 Nd7 9. d4 cxd4 10. Nxd4 N7b6 11. b3 a6 12. c4 Ne7 13. Nc3 e5 14. Nc2 f5 15. a4 Qc7 16. a5 Nd7 17. Nd5 Nxd5 18. Qxd5+ Kh8 19. Rd1 Be7 20. Bb2 e4 21. Ne3 Nc5 22. Be5 Qc6 23. Rab1 Nd3 24. Rxd3 exd3 25. Qxc6 bxc6 26. Bxc6 Be6 27. Nd5 Bxd5 28. Bxd5 Rab8 29. Kf1 Bb4 30. Rd1 d2 31. Bxb8 Rxb8 32. c5 Re8 33. Bf3 Re1+ 34. Kg2 Rxd1 35. Bxd1 Bxc5 36. Kf3 Bb4 37. Ke2 Bxa5 38. Bc2 Bb4 39. Bxf5 a5 40. Bg4 1/2-1/2

[Event "Oberliga Ost-A 1314"]
[Site "Germany"]
[Date "2014.01.19"]
[Round "7.4"]
[White "Mertens, Fridolin"]
[Black "Stolz, Mike"]
[Result "0-1"]
[WhiteElo "2097"]
[BlackElo "2371"]
[PlyCount "88"]
[EventDate "2013.10.13"]
[EventType "team-tourn"]
[EventRounds "11"]
[EventCountry "GER"]
[SourceTitle "EXT 2015"]
[Source "ChessBase"]
[SourceDate "2014.11.20"]
[SourceVersion "1"]
[SourceVersionDate "2014.11.20"]
[SourceQuality "1"]
[WhiteTeam "Loeberitz"]
[BlackTeam "Magdeburg Rochade"]
[WhiteTeamCountry "GER"]
[BlackTeamCountry "GER"]

1. e4 c5 2. Nf3 Nc6 3. d4 cxd4 4. Nxd4 Nf6 5. Nc3 g6 6. Be3 Bg7 7. Bc4 0-0 8. f3 Ne5 9. Bb3 d6 10. Qd2 Bd7 11. 0-0-0 Rc8 12. Kb1 Nc4 13. Bxc4 Rxc4 14. g4 Qb8 15. Nb3 Be6 16. Bh6 Rfc8 17. h4 Bh8 18. h5 b5 19. hxg6 fxg6 20. Rc1 Rxc3 21. bxc3 Qc7 22. Be3 Qxc3 23. Qxc3 Rxc3 24. Rce1 Nd7 25. Rh3 Ne5 26. Nd4 Bd7 27. Bd2 Rc8 28. Nb3 Rf8 29. Bh6 Rxf3 30. Rh4 Nxg4 31. Rg1 Nxh6 32. Rxh6 Bg7 33. Rh2 Re3 34. Rgh1 h5 35. Rg2 Bg4 36. Nd2 Kf7 37. Rf1+ Ke6 38. Rgf2 Bc3 39. Nf3 Bf6 40. Nd2 a5 41. c4 Be2 42. Rg1 Bd3+ 43. Kc1 bxc4 44. Rxg6 Re1# 0-1

[Event "Oberliga Ost-A 1213"]
[Site "Germany"]
[Date "2013.04.13"]
[Round "10.1"]
[White "Stolz, Mike"]
[Black "Neef, Maximilian"]
[Result "0-1"]
[WhiteElo "2373"]
[BlackElo "2100"]
[PlyCount "120"]
[EventDate "2012.10.14"]
[EventType "team-tourn"]
[EventRounds "11"]
[EventCountry "GER"]
[SourceTitle "EXT 2014"]
[Source "ChessBase"]
[SourceDate "2013.11.20"]
[SourceVersion "1"]
[SourceVersionDate "2013.11.20"]
[SourceQuality "1"]
[WhiteTeam "Magdeburg Rochade"]
[BlackTeam "Dresden USV II"]
[WhiteTeamCountry "GER"]
[BlackTeamCountry "GER"]

1. f4 Nf6 2. Nf3 g6 3. g3 Bg7 4. Bg2 0-0 5. 0-0 d5 6. d3 c5 7. Nc3 Nc6 8. h3 b6 9. e4 dxe4 10. dxe4 Ba6 11. Qxd8 Raxd8 12. Rf2 Nh5 13. Kh2 e5 14. f5 Nd4 15. g4 Nf4 16. Bxf4 exf4 17. Nd5 Nxf3+ 18. Rxf3 Bxb2 19. Rb1 Be5 20. Ne7+ Kg7 21. Nc6 Rde8 22. Nxe5 Rxe5 23. Rxf4 g5 24. Rf3 Rd8 25. Ra3 Bb7 26. Rd3 Rxd3 27. cxd3 Ba6 28. Rb3 Re7 29. Ra3 Bb5 30. Rb3 Ba4 31. Rc3 Kf6 32. d4 cxd4 33. Rc4 Bb5 34. Rb4 Re5 35. Rxd4 Rc5 36. Rd6+ Ke5 37. Rd8 Kf4 38. Rd2 h6 39. Rf2+ Ke3 40. Rf3+ Kxe4 41. Ra3+ Kf4 42. Rxa7 Rc2 43. Kg1 Bc4 44. Re7 Re2 45. Rxe2 Bxe2 46. Kf2 Bc4 47. a3 f6 48. Bc6 Ke5 49. Be8 Kd4 50. h4 Bb3 51. hxg5 hxg5 52. Ke2 Kc3 53. Ke3 Bd1 54. Bh5 Kb3 55. Kd4 Bf3 56. Bf7+ Kxa3 57. Bd5 Bxg4 58. Be4 Be2 59. Kd5 g4 60. Ke6 Bf3 0-1

[Event "Oberliga Ost-A 1213"]
[Site "Germany"]
[Date "2013.02.24"]
[Round "8.1"]
[White "Schunk, Thomas"]
[Black "Stolz, Mike"]
[Result "0-1"]
[WhiteElo "2245"]
[BlackElo "2373"]
[PlyCount "96"]
[EventDate "2012.10.14"]
[EventType "team-tourn"]
[EventRounds "11"]
[EventCountry "GER"]
[SourceTitle "EXT 2014"]
[Source "ChessBase"]
[SourceDate "2013.11.20"]
[SourceVersion "1"]
[SourceVersionDate "2013.11.20"]
[SourceQuality "1"]
[WhiteTeam "Leipzig SG II"]
[BlackTeam "Magdeburg Rochade"]
[WhiteTeamCountry "GER"]
[BlackTeamCountry "GER"]

1. c4 f5 2. d4 Nf6 3. g3 d6 4. Nf3 g6 5. Bg2 Bg7 6. 0-0 0-0 7. Nc3 Nc6 8. d5 Na5 9. Nd2 c5 10. Qc2 e5 11. a3 b6 12. b4 Nb7 13. f4 Ng4 14. Nb3 exf4 15. gxf4 Re8 16. Rf3 Qh4 17. h3 Nf6 18. Bb2 Bd7 19. b5 Re7 20. Nd1 Rae8 21. e3 Nd8 22. Bc3 g5 23. Qf2 Qh5 24. Rg3 g4 25. Nd2 Kf7 26. Qe2 Qh4 27. Qf2 Nh5 28. Rf3 Qxf2+ 29. Rxf2 Bxc3 30. Nxc3 Rxe3 31. hxg4 Nf6 32. g5 Rxc3 33. gxf6 Kxf6 34. a4 Nb7 35. Bf1 Rg8+ 36. Rg2 Rxg2+ 37. Kxg2 Na5 38. Re1 Rc2 39. Re2 Nxc4 40. Nxc4 Rxc4 41. Re6+ Bxe6 42. Bxc4 Bf7 43. Kg3 Kg6 44. Kh4 Kh6 45. Bb3 Bh5 46. Kg3 Be2 47. Kf2 c4 48. Ba2 Bd3 0-1

[Event "Oberliga Ost-A 1213"]
[Site "Germany"]
[Date "2012.10.14"]
[Round "1.1"]
[White "Degtiarev, Evgeny"]
[Black "Stolz, Mike"]
[Result "1-0"]
[WhiteElo "2378"]
[BlackElo "2373"]
[PlyCount "79"]
[EventDate "2012.10.14"]
[EventType "team-tourn"]
[EventRounds "11"]
[EventCountry "GER"]
[SourceTitle "EXT 2014"]
[Source "ChessBase"]
[SourceDate "2013.11.20"]
[SourceVersion "1"]
[SourceVersionDate "2013.11.20"]
[SourceQuality "1"]
[WhiteTeam "Magdeburg Aufbau Elbe"]
[BlackTeam "Magdeburg Rochade"]
[WhiteTeamCountry "GER"]
[BlackTeamCountry "GER"]

1. d4 c5 2. d5 e5 3. Nc3 d6 4. e4 Be7 5. f4 exf4 6. Bxf4 a6 7. e5 dxe5 8. Bxe5 Bf6 9. Bxf6 Nxf6 10. Qe2+ Qe7 11. 0-0-0 Qxe2 12. Bxe2 Nbd7 13. g4 h6 14. Bf3 Kd8 15. h3 b6 16. Nge2 Ne5 17. Bg2 Bd7 18. Ng3 Nc4 19. d6 Ra7 20. Rhe1 Re8 21. Nce4 Nxe4 22. Bxe4 Re6 23. Nf5 g6 24. Nxh6 Be8 25. Bd5 Rxe1 26. Rxe1 Nxd6 27. Ng8 Rc7 28. h4 Bc6 29. c4 Bxd5 30. cxd5 Ne8 31. h5 gxh5 32. gxh5 f5 33. h6 Rf7 34. Re6 f4 35. Kd1 Nc7 36. Rxb6 Nb5 37. Rf6 Rh7 38. Rxa6 Rh8 39. d6 Kc8 40. Ra8+ 1-0

[Event "Oberliga Ost-A 1112"]
[Site "Germany"]
[Date "2012.04.15"]
[Round "11.1"]
[White "Heinrich, Thomas"]
[Black "Stolz, Mike"]
[Result "1/2-1/2"]
[WhiteElo "2254"]
[BlackElo "2381"]
[PlyCount "175"]
[EventDate "2011.09.25"]
[EventType "team-tourn"]
[EventRounds "11"]
[EventCountry "GER"]
[SourceTitle "EXT 2013"]
[Source "ChessBase"]
[SourceDate "2012.11.22"]
[SourceVersion "1"]
[SourceVersionDate "2012.11.22"]
[SourceQuality "1"]
[WhiteTeam "Leipzig VfB"]
[BlackTeam "Magdeburg Rochade"]
[WhiteTeamCountry "GER"]
[BlackTeamCountry "GER"]

1. d4 Nf6 2. Nf3 d5 3. c4 e6 4. Nc3 Be7 5. cxd5 exd5 6. Bg5 0-0 7. e3 b6 8. Bd3 Bb7 9. 0-0 Na6 10. Rc1 c5 11. Ne5 Nc7 12. Bf5 Ne6 13. Bh4 g6 14. Bh3 Ne4 15. Bxe6 Bxh4 16. Bg4 f5 17. Be2 Bf6 18. f4 Nxc3 19. bxc3 c4 20. Kh1 Qe7 21. Bf3 Rac8 22. a4 Rc7 23. Ra1 Qd6 24. Qb1 Bc6 25. g3 Be8 26. h4 h5 27. Rf2 Kg7 28. Rb2 Rc8 29. Qf1 Rh8 30. Kh2 Rh7 31. Qh1 Rd8 32. Qb1 Kh6 33. Kg2 Rc7 34. Kf2 Kg7 35. Ke2 Kf8 36. Kd2 Ke7 37. Qa2 Ke6 38. Qa3 Qxa3 39. Rxa3 Be7 40. Ra1 Rb8 41. Bd1 a6 42. Bc2 Bd6 43. Kd1 Rcb7 44. Rab1 Kf6 45. Ra1 Ke7 46. Rab1 Kd8 47. Ra1 Kc7 48. Raa2 Ra8 49. Ra1 Raa7 50. Rba2 Kb8 51. Kc1 Be7 52. Bd1 Kc7 53. Bf3 Kd6 54. Bd1 Bd8 55. Rb1 Bc7 56. Bc2 Ra8 57. Bd1 Rba7 58. Bc2 b5 59. a5 Ke6 60. Rb4 Bd6 61. Rab2 Rb8 62. Bd1 Rg7 63. Bf3 Rc8 64. Kd1 Rh7 65. Ke1 Bc7 66. Ra2 Bd6 67. Rab2 Bf8 68. Kf1 Kd6 69. Kg2 Re7 70. Rb1 Rxe5 71. dxe5+ Ke6 72. Kf2 Bc6 73. Ke2 Be7 74. Kf2 Rd8 75. R1b2 Ba8 76. Rb1 Bc5 77. Ke2 Bc6 78. Kf2 Kd7 79. R4b2 Ba7 80. Rd1 Ke6 81. Rdb1 Bb8 82. Rb4 Rd7 83. Ra1 Bc7 84. Rb2 Bd8 85. Rb4 Be7 86. Rab1 Bd8 87. Ra1 Be7 88. Rab1 1/2-1/2

[Event "Oberliga Ost-A 1112"]
[Site "Germany"]
[Date "2012.02.26"]
[Round "8.1"]
[White "Strache, Michael"]
[Black "Stolz, Mike"]
[Result "0-1"]
[WhiteElo "2319"]
[BlackElo "2381"]
[PlyCount "138"]
[EventDate "2011.09.25"]
[EventType "team-tourn"]
[EventRounds "11"]
[EventCountry "GER"]
[SourceTitle "EXT 2013"]
[Source "ChessBase"]
[SourceDate "2012.11.22"]
[SourceVersion "1"]
[SourceVersionDate "2012.11.22"]
[SourceQuality "1"]
[WhiteTeam "Sangerhausen"]
[BlackTeam "Magdeburg Rochade"]
[WhiteTeamCountry "GER"]
[BlackTeamCountry "GER"]

1. Nf3 f5 2. c4 Nf6 3. Nc3 d6 4. d4 g6 5. g3 Bg7 6. Bg2 0-0 7. 0-0 Nc6 8. d5 Na5 9. Nd2 c5 10. Rb1 e5 11. dxe6 Bxe6 12. b4 cxb4 13. Rxb4 d5 14. cxd5 Nxd5 15. Nxd5 Bxd5 16. Nb3 Bxg2 17. Kxg2 Qxd1 18. Rxd1 Nxb3 19. Rxb3 Rf7 20. Rbd3 Re8 21. Kf3 h5 22. Rd6 Bf6 23. h4 Kg7 24. Be3 b6 25. Rc6 Rd8 26. Rdc1 Rdd7 27. a4 Bd8 28. Bf4 Bf6 29. Be3 Bd8 30. R1c4 Rc7 31. Bd4+ Kh7 32. Be5 Rb7 33. Re6 Rfe7 34. Rxe7+ Rxe7 35. Kf4 Rd7 36. e4 fxe4 37. Kxe4 Kg8 38. f4 Kf7 39. Rc8 Be7 40. Rh8 Bf8 41. f5 Bg7 42. fxg6+ Kxg6 43. Bxg7 Rxg7 44. Kd5 Rc7 45. Rg8+ Kf7 46. Rh8 Rc5+ 47. Kd4 Ra5 48. Kc3 Kg7 49. Rd8 Rxa4 50. Rd7+ Kf6 51. Rd6+ Ke7 52. Rh6 Ra5 53. Kb4 Kf7 54. Rd6 Kg7 55. Re6 Kf7 56. Rd6 Ke7 57. Rh6 Kd7 58. Rf6 Kc7 59. Rg6 Kb7 60. Rg7+ Kc6 61. Rg6+ Kd5 62. g4 hxg4 63. Rxg4 Kc6 64. Rg6+ Kb7 65. Rg7+ Ka6 66. Rg3 Rb5+ 67. Kc4 Rh5 68. Rg4 Ka5 69. Rg5+ b5+ 0-1